000 00630nam a2200217Ia 4500
008 241004s9999 xx 000 0 und d
020 _a9781350196506
037 _aTextbook
040 _aARTS
_beng
_cARTS
041 _aeng
_2eng
084 _aR86 R2
_qARTS
100 _aMungwini Pascah Au.
_9724627
245 _aAfrican philosophy: emancipation and practice
_cMungwini Pascah Au.
260 _aUK
_b Bloomsbury
_c2019
300 _a213p.
365 _aUKP
_b16.99
490 _aBloomsbury introductions to world philosophies
650 _aPhilosophy
942 _cTB
_hR86 R2
999 _c1218773
_d1218773